Bildung des synthetische analogons interleukina-4; Перспективы развития фундаментальных наук; Т. 2 : Химия
| Parent link: | Перспективы развития фундаментальных наук=Prospects of Fundamental Sciences Development: сборник научных трудов XIII Международной конференции студентов, аспирантов и молодых ученых, г. Томск, 26-29 апреля 2016 г./ Национальный исследовательский Томский политехнический университет (ТПУ) ; под ред. И. А. Курзиной, Г. А. Вороновой.— , 2016 Т. 2 : Химия.— 2016.— [С. 17-19] |
|---|---|
| Hoofdauteur: | |
| Coauteurs: | , |
| Andere auteurs: | , , |
| Samenvatting: | Заглавие с титульного экрана Целью исследовательской работы является описание методики создания синтетическогоаналога человеческого интерлейкина- 4, который будет использован для нанесения на поверхность биоматериалов на основе биодеградируемых полимеров с целью придания иммуномодулирующих свойств и увеличения биосовместимости. |
| Taal: | Duits |
| Gepubliceerd in: |
2016
|
| Onderwerpen: | |
| Online toegang: | http://earchive.tpu.ru/handle/11683/25851 |
| Formaat: | Elektronisch Hoofdstuk |
| KOHA link: | https://koha.lib.tpu.ru/cgi-bin/koha/opac-detail.pl?biblionumber=618159 |
MARC
| LEADER | 00000naa2a2200000 4500 | ||
|---|---|---|---|
| 001 | 618159 | ||
| 005 | 20231101133010.0 | ||
| 035 | |a (RuTPU)RU\TPU\conf\16540 | ||
| 035 | |a RU\TPU\conf\16366 | ||
| 090 | |a 618159 | ||
| 100 | |a 20160524d2016 k y0rusy50 ba | ||
| 101 | 0 | |a ger |d rus | |
| 102 | |a RU | ||
| 105 | |a y z 101zy | ||
| 135 | |a drcn ---uucaa | ||
| 181 | 0 | |a i | |
| 182 | 0 | |a b | |
| 200 | 1 | |a Bildung des synthetische analogons interleukina-4 |d Создание синтетического аналога интерлейкина-4 |f D. M. Abdrachmanova, E. K. Prochorets (Prokhorets), E. S. Kazanceva |g wiss. Betr. A. I. Khlebnikov | |
| 203 | |a Текст |c электронный | ||
| 230 | |a 1 компьютерный файл (pdf; 260 Кb) | ||
| 300 | |a Заглавие с титульного экрана | ||
| 330 | |a Целью исследовательской работы является описание методики создания синтетическогоаналога человеческого интерлейкина- 4, который будет использован для нанесения на поверхность биоматериалов на основе биодеградируемых полимеров с целью придания иммуномодулирующих свойств и увеличения биосовместимости. | ||
| 461 | 1 | |0 (RuTPU)RU\TPU\conf\16353 |t Перспективы развития фундаментальных наук |l Prospects of Fundamental Sciences Development |o сборник научных трудов XIII Международной конференции студентов, аспирантов и молодых ученых, г. Томск, 26-29 апреля 2016 г. |o в 7 т. |f Национальный исследовательский Томский политехнический университет (ТПУ) ; под ред. И. А. Курзиной, Г. А. Вороновой |d 2016 | |
| 463 | 0 | |0 (RuTPU)RU\TPU\conf\16355 |t Т. 2 : Химия |v [С. 17-19] |d 2016 | |
| 510 | 1 | |a Создание синтетического аналога интерлейкина-4 |z rus | |
| 610 | 1 | |a труды учёных ТПУ | |
| 610 | 1 | |a электронный ресурс | |
| 610 | 1 | |a биоматериалы | |
| 610 | 1 | |a биодеградируемые полимеры | |
| 610 | 1 | |a биосовместимость | |
| 700 | 1 | |a Abdrachmanova |b D. M. | |
| 701 | 1 | |a Prochorets (Prokhorets) |b E. K. |c Linguist |c Dozent der Polytechnischen Universität Tomsk, Kandidat der pädagogischen Wissenschaften |f 1973- |g Elena Konstantinowna |2 stltpush |3 (RuTPU)RU\TPU\pers\30921 | |
| 701 | 1 | |a Kazanceva |b E. S. | |
| 702 | 1 | |a Khlebnikov |b A. I. |c Chemist |c Professor of Tomsk Polytechnic University |f 1963- |g Andrey Ivanovich |2 stltpush |3 (RuTPU)RU\TPU\pers\33927 |4 727 | |
| 712 | 0 | 2 | |a Национальный исследовательский Томский политехнический университет (ТПУ) |b Институт международного образования и языковой коммуникации (ИМОЯК) |b Кафедра иностранных языков (ИЯ) |h 7590 |2 stltpush |3 (RuTPU)RU\TPU\col\21260 |
| 712 | 0 | 2 | |a Национальный исследовательский Томский политехнический университет (ТПУ) |b Институт физики высоких технологий (ИФВТ) |b Кафедра биотехнологии и органической химии (БИОХ) |h 6810 |2 stltpush |3 (RuTPU)RU\TPU\col\18693 |
| 801 | 2 | |a RU |b 63413507 |c 20170321 |g RCR | |
| 856 | 4 | |u http://earchive.tpu.ru/handle/11683/25851 | |
| 942 | |c BK | ||